1990s Oscar Best Director Nominees - Statistics

General Stats
  • This quiz has been taken 258 times
  • The average score is 22 of 43
Answer Stats
Movie Actor % Correct
Schindler's List, Saving Private Ryan Steven Spielberg
99%
Titanic James Cameron
95%
Braveheart Mel Gibson
95%
Pulp Fiction Quentin Tarantino
95%
Goodfellas Martin Scorsese
91%
Unforgiven Clint Eastwood
90%
The Godfather Part III Francis Ford Coppola
89%
Dances with Wolves Kevin Costner
89%
Born on the Fourth of July, JFK Oliver Stone
85%
Forrest Gump Robert Zemeckis
85%
Fargo Joel Coen
81%
Life is Beautiful Roberto Benigni
76%
Thelma & Louise Ridley Scott
72%
The Silence of the Lambs Jonathan Demme
69%
The Piano Jane Campion
61%
The English Patient Anthony Minghella
57%
Good Will Hunting Gus Van Sant
57%
The Thin Red Line Terrence Malick
57%
Crimes and Misdemeanors, Bullets over Broadway Woody Allen
57%
Henry V Kenneth Branagh
56%
Dead Poets Society, The Truman Show Peter Weir
54%
The Player, Short Cuts Robert Altman
50%
Quiz Show Robert Redford
47%
The People vs. Larry Flynt Miloš Forman
44%
Howards End, The Remains of the Day James Ivory
40%
Boyz n the Hood John Singleton
39%
Secrets & Lies Mike Leigh
39%
Dead Man Walking Tim Robbins
34%
Three Colours: Red Krzysztof Kieślowski
32%
L.A. Confidential Curtis Hanson
30%
My Left Foot, In the Name of the Father Jim Sheridan
28%
Shakespeare in Love John Madden
27%
Scent of a Woman Martin Brest
23%
The Crying Game Neil Jordan
23%
The Grifters Stephen Frears
23%
Bugsy Barry Levinson
22%
Leaving Las Vegas Mike Figgis
21%
The Sweet Hereafter Atom Egoyan
19%
Reversal of Fortune Barbet Schroeder
15%
The Shining Scott Hicks
15%
Babe Chris Noonan
14%
Il Postino: The Postman Michael Radford
13%
The Full Monty Peter Cattaneo
13%
No matching quizzes found
Score Distribution
Percent of People with Each Score
Percentile by Number Answered
Your Score History
You have not taken this quiz